00535nam a22002177a 450000500170000001000110001702000100002803500110003803700160004904000120006508200160007710000220009324500530011525000110016826000490017927000130022830000200024150000210026165000150028265000200029720170124110213.0 a492629 c00.00 a492629 bCen Lib/Ret aDPLbEN a025.32bAKE aAkers, Susan Grey aSimple library cataloging /cby Susan Grey Akers a4th ed aChicago bAmerican Library Associationc1968 bChicago  a250p.c23cm(Hb) aIncludes index  aCataloging aLibrary science